|
|
|
|
| LEADER |
00000cam a2200000 a 4500 |
| 001 |
vtls009328939 |
| 003 |
SK-MaSNL |
| 005 |
20260426000517.0 |
| 008 |
190927s2008 xo al d lf 000 0 slo |
| 015 |
|
|
|a SNBI2009/01-00189
|
| 020 |
|
|
|a 9788080577582
|q (brož.)
|
| 035 |
|
|
|a 1808FBDB-9AB6-4C2B-92DC-6EE82C64E7FB
|
| 035 |
|
|
|a urn:nbn:sk:snk-am3h577
|
| 035 |
|
|
|a urn:nbn:sk:snk-am00cnwx
|
| 040 |
|
|
|a SNK
|b slo
|c SNK
|e AACR2
|
| 041 |
1 |
|
|a slo
|
| 043 |
|
|
|a e-xo---
|
| 044 |
|
|
|a xo
|c SK
|
| 072 |
|
7 |
|a 331
|x Práca
|2 konspekt
|
| 080 |
|
|
|a 613.6
|2 2001
|
| 080 |
|
|
|a (437.6)
|2 2001
|
| 080 |
|
|
|a (035)
|2 2001
|
| 080 |
|
|
|a (094.5)
|2 2001
|
| 080 |
|
|
|a 331.45
|2 2001
|
| 110 |
1 |
|
|a Slovensko
|4 aut
|9 266955
|
| 240 |
1 |
0 |
|a Zákony, etc.
|
| 245 |
1 |
0 |
|a Bezpečnosť a ochrana zdravia pri práci
|b (novelizovaná príručka)
|
| 250 |
|
|
|a [1. vyd.]
|
| 260 |
|
|
|a Bratislava
|b Epos
|c 2008
|
| 300 |
|
|
|a 679 s.
|b tab., sch., ilustr.
|c 30 cm
|
| 650 |
0 |
7 |
|a bezpečnosť práce
|2 SNKPH
|9 1296
|
| 650 |
0 |
7 |
|a hygiena práce
|2 SNKPH
|9 1298
|
| 651 |
|
7 |
|a Slovensko
|2 SNKPH
|9 14231
|
| 655 |
|
7 |
|a zákony
|2 SNKPH
|9 70186
|
| 655 |
|
7 |
|a právne predpisy
|2 SNKPH
|9 70481
|
| 655 |
|
7 |
|a príručky
|2 SNKPH
|9 74364
|
| 919 |
|
|
|a 978-80-8057-758-2
|
| 958 |
|
|
|a OND
|
| 999 |
|
|
|c 857779
|d 859709
|
| 952 |
|
|
|a SNK
|b SNK
|y PREZ
|7 0
|p 17A0599446
|o snkSB 76711
|i snk2008/18182
|8 0
|0 0
|1 0
|4 0
|d 2008-10-01
|f 1
|l 0
|r 2017-06-30 00:00:00
|w 2026-02-24
|
| 952 |
|
|
|a SNK
|b SNK
|y VYP
|7 0
|p 17A0599447
|o snkSB 76711 D1
|i snk2008/18184
|8 0
|0 0
|1 0
|4 0
|d 2008-10-01
|l 0
|r 2026-02-24 05:02:13
|w 2026-02-24
|